00853 2200313 4500001002100000005001500021007000300036008004100039020001800080035002000098040001700118041000800135082001100143084001700154090002600171100003100197245005400228250001000282264004100292300003700333336002100370337003000391338002300421504002500444650001600469850001000485990002200495990002200517INLIS00000000000950320260420084724ta260420 0  a979-3084-35-9 a0010-1222000108 aSBPUPADbind0 aind a633.84 a633.84 WAH b a633.84 KAM m L 18 R 80 aWahyu Wiryanta:ePengarang1 aBertanan Cabai Pada Musim Hujan /cWahyu Wiryanta aCet.1 aJakarta :bAgro Media Pustaka,c2002 aviii 92 hlm. :bilus. ;c23,5 cm 2rdacontentateks 2rdamediaatanpa perantara 2rdacarrieravolume abibiliografi, hlm 81 4aKetrampilan aPUPAD a4224/B/ARPUS/2008 a4225/B/ARPUS/2008